[Event "CRO-ch06"]
[Site "Pula"]
[Date "1998.01.22"]
[Round "13"]
[White "Nikolac, Juraj"]
[Black "Cebalo, Miso"]
[Result "1-0"]
[WhiteElo "2435"]
[BlackElo "2515"]

1.d4 Nf6 2.c4 e6 3.Nf3 Bb4+ 4.Bd2 Qe7 5.g3 Nc6 6.Nc3 Bxc3 7.Bxc3 Ne4 8.Qc2 Nxc3
9.Qxc3 O-O 10.Bg2 d6 11.O-O e5 12.d5 Nb8 13.c5 Bg4 14.Rac1 a5 15.Rfe1 Re8
16.Nd2 Na6 17.cxd6 cxd6 18.Nc4 Rec8 19.Qa3 Nb4 20.Qb3 Bxe2 21.Rxe2 b5 22.Re4 f5
23.Ree1 bxc4 24.Rxc4 e4 25.Bf1 Rcb8 26.Rcc1 Na6 27.Qc3 Nc5 28.Qd4 Rb4 29.Rc4 Qb7
30.b3 Rxc4 31.Qxc4 Qb4 32.Rd1 Qxc4 33.Bxc4 Kf7 34.f4 h6 35.Kf2 g5 36.Ke3 Kf6
37.Rf1 Rb8 38.Kd4 Rg8 39.a3 Rb8 40.Rb1  1-0

[Event "Pobeskydi"]
[Site "Frydek-Mistek"]
[Date "1998.01.23"]
[Round "3"]
[White "Obsivac, Josef"]
[Black "Kubala, Martin"]
[Result "1/2-1/2"]
[WhiteElo "2345"]
[BlackElo "2310"]

1.d4 e6 2.Nf3 Nf6 3.c4 Bb4+ 4.Bd2 Bxd2+ 5.Qxd2 b6 6.g3 Bb7 7.Bg2 d6 8.Nc3 Nbd7
9.O-O Ne4 10.Qe3 Nxc3 11.Qxc3 O-O 12.Qe3 Qe7 13.Bh3 c5 14.Rad1 d5 15.cxd5 Bxd5
16.Qa3 Rfd8 17.Bg2 Kf8 18.Rc1 a5 19.dxc5 Rac8 20.Qd3 Rxc5 21.b3 h6 22.Rxc5 Nxc5
23.Qe3 Bxf3 24.Bxf3 Qf6 25.Rb1 Rd4 26.a3 Qd8 27.b4 axb4 28.axb4 Na6 29.Qc3 Rd1+
30.Rxd1 Qxd1+ 31.Kg2 Qd7 32.Qc4 Nc7 33.Bc6 Qd6 34.h3 Ke7 35.Be4 Nd5 36.b5 Qc5
37.Qd3 Nb4 38.Qa3 Qxb5 39.Qa7+ Kf6 40.Qc7 g6 41.Qc3+ e5 42.Qd2 Kg7 43.Qd6 Qc5
44.Qd7 Qc4 45.Qb7 Qxe2 46.Bxg6 Qc4 47.Be4 Qe6 48.h4 Qf6 49.Kh1 Qd6 50.Qc8 Qd1+
51.Kg2 Nd5 52.Qf5 Nf6 53.Bc2 Qd4 54.Bb3 Qe4+ 55.Qxe4 Nxe4 56.f3 Nd2 57.Ba4 Kf6
58.Kf2 Ke6 59.Ke2 Nc4 60.Bb3 Kd5 61.Kd3 b5 62.Ba2 f6 63.g4 Kc5 64.Ke4  1/2-1/2

[Event "Ubeda op"]
[Site "Ubeda"]
[Date "1998.01.23"]
[Round "4"]
[White "Pelletier, Yannick"]
[Black "Izeta Txabarri, Felix"]
[Result "1/2-1/2"]
[WhiteElo "2515"]
[BlackElo "2475"]

1.d4 Nf6 2.c4 e6 3.Nf3 Bb4+ 4.Bd2 Qe7 5.g3 Nc6 6.Bg2 Bxd2+ 7.Nbxd2 a5 8.O-O d6
9.e4 e5 10.d5 Nb8 11.Ne1 h5 12.Nef3 Nbd7 13.Nh4 g6 14.Qe1 Nc5 15.Qe3 Bd7
16.Rae1 O-O 17.h3 Nh7 18.Kh2 b5 19.b3 bxc4 20.Nxc4 Bb5 21.Rc1 Rfb8 22.Rfd1 Nf6
23.Qe1 Bxc4 24.Rxc4 Nfd7 25.Nf3 Nb6 26.Rc2 Nbd7 27.Rc4 Nb6 28.Rc2 Nbd7  1/2-1/2

[Event "Calcutta Goodricke op"]
[Site "Calcutta"]
[Date "1998.02.11"]
[Round "6"]
[White "Babu, N Sudhakar"]
[Black "Goswami, Vedant"]
[Result "0-1"]
[WhiteElo "2335"]
[BlackElo "2215"]

1.d4 Nf6 2.c4 e6 3.Nf3 Bb4+ 4.Bd2 Qe7 5.g3 Nc6 6.Nc3 Bxc3 7.Bxc3 Ne4 8.Rc1 O-O
9.Bg2 d6 10.d5 Nxc3 11.Rxc3 Nd8 12.dxe6 fxe6 13.O-O Nc6 14.Qd2 Qf6 15.e3 e5
16.c5 Bg4 17.Ne1 Rad8 18.cxd6 Rxd6 19.Qc2 Bd1 20.Qe4 Be2 21.f3 Bxf1 22.Bxf1 Rd1
23.Qc4+ Kh8 24.Qe2 Rb1 25.Kg2 Qe6 26.Nd3 e4 27.Nf4 g5  0-1

[Event "Novak Nikolic mem 1st"]
[Site "Belgrade"]
[Date "1998.02.15"]
[Round "10"]
[White "Simic, Radoslav"]
[Black "Martinovic, Slobodan"]
[Result "1/2-1/2"]
[WhiteElo "2435"]
[BlackElo "2470"]

1.d4 Nf6 2.Nf3 e6 3.c4 Bb4+ 4.Bd2 Qe7 5.e3 O-O 6.Bxb4 Qxb4+ 7.Qd2 Qxd2+ 8.Nbxd2 d6
9.Be2 Nbd7 10.O-O b6 11.b4 a5 12.a3 Bb7 13.Nb3 axb4 14.axb4 Ne4  1/2-1/2

[Event "Cappelle op"]
[Site "Cappelle la Grande"]
[Date "1998.02.27"]
[Round "8"]
[White "Novikov, Igor A"]
[Black "Izeta Txabarri, Felix"]
[Result "1/2-1/2"]
[WhiteElo "2550"]
[BlackElo "2475"]

1.d4 Nf6 2.c4 e6 3.Nf3 Bb4+ 4.Bd2 Qe7 5.g3 Nc6 6.Nc3 Bxc3 7.Bxc3 Ne4 8.Qc2 Nxc3
9.Qxc3 Qb4 10.Qxb4 Nxb4 11.Kd2 b6 12.Bg2 Bb7 13.Rhc1 Be4 14.a3 Nc6 15.Ke3 f5
16.b4 a5 17.b5 Ne7 18.Bf1 O-O 19.Ne1 d6 20.f3 Bb7 21.Kf2 c5 22.bxc6 Bxc6
23.Rab1 Rab8 24.Nd3 Ng6 25.Rb2 Rb7 26.e3 Rfb8 27.h4 Kf7 28.Rcb1 Nf8 29.d5 exd5
30.Nf4 dxc4 31.Bxc4+ Ke7 32.Ba6  1/2-1/2

[Event "Beersheba-St Petersburg"]
[Site "Beersheba"]
[Date "1998.03.04"]
[Round "2"]
[White "Golod, Vitali"]
[Black "Loginov, Valery A"]
[Result "1-0"]
[WhiteElo "2535"]
[BlackElo "2500"]

1.d4 Nf6 2.c4 e6 3.Nf3 Bb4+ 4.Bd2 Qe7 5.g3 Nc6 6.Bg2 Bxd2+ 7.Nbxd2 d6 8.O-O O-O
9.e4 e5 10.d5 Nb8 11.Ne1 Bg4 12.f3 Bd7 13.Nd3 c6 14.Qb3 cxd5 15.cxd5 b6 16.f4 Na6
17.Qa3 Bb5 18.fxe5 Ng4 19.exd6 Qg5 20.Rf4 Qh5 21.Nf1 Nc5 22.Nxc5 Bxf1 23.Kxf1 Nxh2+
24.Kg1 g5 25.Nd7 f5 26.Nxf8 gxf4 27.Ne6 Ng4 28.Nxf4 Qh2+ 29.Kf1 fxe4 30.d7 Kf7
31.Re1  1-0

[Event "CZE-chT 9798"]
[Site "CZE"]
[Date "1998.03.07"]
[Round "8"]
[White "Movsesian, Sergei"]
[Black "Dydyshko, Viacheslav"]
[Result "1-0"]
[WhiteElo "2595"]
[BlackElo "2485"]

1.d4 Nf6 2.Nf3 e6 3.c4 Bb4+ 4.Bd2 Qe7 5.g3 Nc6 6.Bg2 Bxd2+ 7.Qxd2 Qb4 8.Nc3 Qxc4
9.a3 O-O 10.O-O d5 11.Rfc1 Qb3 12.Qd3 a5 13.Ne5 Nxe5 14.dxe5 Nd7 15.Nxd5 Qxd3
16.Ne7+ Kh8 17.exd3 c6 18.f4 Nb6 19.Nxc8 Rfxc8 20.Kf2 Rd8 21.Be4 Nd5 22.Rc5 Nc7
23.Ke3 Ra6 24.Rac1 g6 25.g4 Kg7 26.R1c2 Kf8 27.h4 h6 28.Rh2 a4 29.h5 gxh5
30.Rxh5 Rb6 31.Rc2 Nd5+ 32.Kf3 Rb3 33.Rxh6 b5 34.f5 b4 35.f6 Ke8 36.g5 bxa3
37.bxa3 Rxa3 38.g6 fxg6 39.Rh7 Rd7 40.Bxg6+ Kd8 41.f7  1-0

[Event "AUT-chT2O 9798"]
[Site "Austria"]
[Date "1998.03.13"]
[Round "13"]
[White "Lehner, Oliver"]
[Black "Eperjesi, Laszlo"]
[Result "1/2-1/2"]
[WhiteElo "2400"]
[BlackElo "2340"]

1.d4 Nf6 2.c4 e6 3.Nf3 Bb4+ 4.Bd2 a5 5.g3 b6 6.Bg2 Ba6 7.b3 c6 8.O-O O-O
9.Bg5 Be7 10.Nbd2 d5 11.Rc1 Nbd7 12.Re1 Rc8 13.e4 h6 14.Bxf6 Nxf6 15.e5 Nd7
16.Bf1 Bb7 17.cxd5 cxd5 18.Rxc8  1/2-1/2

[Event "FRA-chT"]
[Site "FRA"]
[Date "1998.04.03"]
[Round "5"]
[White "Sellos, Didier"]
[Black "Neiman, Emmanuel"]
[Result "1-0"]
[WhiteElo "2405"]
[BlackElo "2305"]

1.d4 Nf6 2.c4 e6 3.Nf3 Bb4+ 4.Bd2 Qe7 5.g3 Nc6 6.Bg2 Bxd2+ 7.Nbxd2 d6 8.Qb3 O-O
9.O-O a5 10.Qc3 e5 11.e3 h6 12.h3 Re8 13.Kh2 Bf5 14.a3 Ne4 15.Nxe4 Bxe4 16.Rad1 a4
17.Ng1 Bxg2 18.Kxg2 exd4 19.exd4 Qf6 20.Nf3 Re2 21.Rd2 Rxd2 22.Qxd2 Re8 23.Rd1 Qf5
24.Rg1 b6 25.Qd1 Qa5 26.Qc2 Qa8 27.d5 Ne5 28.Nd4 Qd8 29.Re1 Nd7 30.Rxe8+ Qxe8
31.Nb5 Qe1 32.Nxc7 Nc5 33.Nb5 Ne4 34.Nd4 Nd2 35.Qd3 Qc1 36.Qe2 Nxc4 37.Qe8+ Kh7
38.Qxf7 Ne5 39.Qf5+ g6 40.Qe6 Qxb2 41.Qe7+ Kg8 42.Ne6 Nd3 43.Qf8+ Kh7 44.Qf7+ Kh8
45.Nf8 Qg7 46.Nxg6+ Kh7 47.Nf8+ Kh8 48.Qf5 Ne5 49.Ne6 Qb7 50.Qf8+ Kh7 51.Qxd6 Nf7
52.Qc6 Qa6 53.Qc2+ Kh8 54.Qc3+ Kg8 55.Qg7+  1-0

[Event "Metz op"]
[Site "Metz"]
[Date "1998.04.07"]
[Round "2"]
[White "Del Rio de Angeles, Gabriel"]
[Black "Therkildsen, Thomas"]
[Result "1-0"]
[WhiteElo "2395"]
[BlackElo "2025"]

1.d4 Nf6 2.Nf3 e6 3.c4 Bb4+ 4.Bd2 Qe7 5.g3 O-O 6.Bg2 Bxd2+ 7.Qxd2 d6 8.Nc3 e5
9.O-O Re8 10.d5 Na6 11.Ne1 Ng4 12.h3 Nh6 13.Nd3 f5 14.e4 fxe4 15.Nxe4 Bf5
16.Rae1 Nf7 17.f4 Qd7 18.g4 Bxe4 19.Bxe4 g6 20.f5 Kg7 21.fxg6 hxg6 22.Rxf7+ Qxf7
23.b4 Rh8 24.Kg2 Raf8 25.c5 Qe7 26.Qe3 dxc5 27.bxc5 b6 28.cxb6 axb6 29.Bf3 Nc5
30.Nxe5 Re8 31.Qc3 Qf6 32.g5 Qxg5+ 33.Ng4+ Kf7 34.Rf1 Ref8 35.d6 cxd6 36.Bc6+  1-0

[Event "Metz op"]
[Site "Metz"]
[Date "1998.04.10"]
[Round "6"]
[White "Timoshchenko, Gennadi A"]
[Black "Lehtivaara, Petri"]
[Result "1/2-1/2"]
[WhiteElo "2520"]
[BlackElo "2370"]

1.d4 e6 2.c4 Nf6 3.Nf3 Bb4+ 4.Bd2 a5 5.g3 b6 6.Bg2 Bb7 7.O-O Bxd2 8.Qxd2 O-O
9.Nc3 d6 10.d5 e5 11.Ne1 Nbd7 12.e4 Qe7 13.Nc2 Nc5 14.b3 g6 15.Rae1 Nh5 16.f4 f5
17.exf5 gxf5 18.fxe5 dxe5 19.Nd4 Ng7 20.Bh3 Ne4 21.Nxf5 Qc5+ 22.Qe3 Nxc3
23.Qxc5 bxc5 24.Nh6+ Kh8 25.Nf7+ Kg8 26.Nh6+ Kh8 27.Nf7+ Kg8  1/2-1/2

[Event "ARG-ch"]
[Site "Buenos Aires"]
[Date "1998.04.21"]
[Round "6"]
[White "Slipak, Sergio"]
[Black "Giaccio, Alfredo"]
[Result "1-0"]
[WhiteElo "2510"]
[BlackElo "2460"]

1.d4 Nf6 2.c4 e6 3.Nf3 Bb4+ 4.Bd2 a5 5.Nc3 O-O 6.e3 d6 7.Qc2 Qe7 8.a3 Bxc3
9.Bxc3 Nbd7 10.Be2 b6 11.O-O Bb7 12.Nd2 e5 13.d5 Ne8 14.b4 axb4 15.axb4 Nef6
16.e4 Rxa1 17.Rxa1 Ra8 18.Rxa8+ Bxa8 19.Qa4 Qd8 20.Qa7 Qb8 21.Qxb8+ Nxb8
22.c5 bxc5 23.bxc5 c6 24.dxc6 Bxc6 25.cxd6 Nxe4 26.Nxe4 Bxe4 27.Bb5 Bf5 28.Bxe5 Bd7
29.Bd3 Bc6 30.f3 Nd7 31.Bd4 f6 32.Kf2 Kf7 33.Bc4+ Ke8 34.Ke3 Nf8 35.Bc5 Kd7
36.Ba3 Ne6 37.Bd3 h6 38.h4 Ke8 39.h5 Bd7 40.Be4 Kd8 41.Bb4 Ke8 42.Bg6+ Kf8
43.Ba3 Kg8 44.g3 Kf8 45.Kd3 Kg8 46.Kc4 Nf8 47.g4 Nxg6 48.hxg6 f5 49.gxf5 h5
50.Kd5 h4 51.Bc1 Kf8 52.Ke5 Bc6 53.f6 h3 54.f7  1-0

[Event "GRE-chT"]
[Site "Poros"]
[Date "1998.04.21"]
[Round "2"]
[White "Halkias, Stelios"]
[Black "Atalik, Suat"]
[Result "1-0"]
[WhiteElo "2425"]
[BlackElo "2595"]

1.d4 Nf6 2.c4 e6 3.Nf3 Bb4+ 4.Bd2 Qe7 5.g3 Nc6 6.Nc3 Bxc3 7.Bxc3 Ne4 8.Rc1 O-O
9.Bg2 d6 10.d5 Nd8 11.Nd2 Nxc3 12.Rxc3 e5 13.c5 f5 14.cxd6 cxd6 15.O-O Nf7
16.Qb3 b6 17.Rfc1 Ba6 18.Rc7 Qf6 19.Bf1 Rfc8 20.Rxc8+ Rxc8 21.Qa4 Qd8 22.Rd1 Bb7
23.e4 Qc7 24.exf5 Bxd5 25.Ne4 Bc6 26.Bb5 Ba8 27.Bd7 Bc6 28.Bxc6 Qxc6 29.Qxc6 Rxc6
30.g4 Rc4 31.f3 Rc2 32.g5 g6 33.f6 h6 34.gxh6 Rxb2 35.h4 Rb4 36.Rc1 d5 37.Rc8+ Kh7
38.Ng5+ Nxg5 39.hxg5 Rf4 40.Rc7+ Kg8 41.Rg7+  1-0

[Event "Zepter op"]
[Site "Minsk"]
[Date "1998.04.27"]
[Round "3"]
[White "Kasparov, Sergey"]
[Black "Rashkovsky, Nukhim N"]
[Result "0-1"]
[WhiteElo "2335"]
[BlackElo "2505"]

1.d4 Nf6 2.c4 e6 3.Nf3 Bb4+ 4.Bd2 a5 5.g3 b6 6.Bg2 Bb7 7.O-O O-O 8.Bg5 Be7
9.Ne5 Bxg2 10.Kxg2 d6 11.Nf3 h6 12.Bxf6 Bxf6 13.Nc3 g6 14.Qd3 Bg7 15.Rad1 c6
16.d5 cxd5 17.cxd5 e5 18.e4 Nd7 19.Nd2 Nc5 20.Qe2 f5 21.Nb3 f4 22.f3 h5 23.Nxc5 bxc5
24.a4 Rf7 25.g4 hxg4 26.fxg4 Bf8 27.Rf3 Rh7 28.Rdd3 Be7 29.h3 Bh4 30.Qc2 Rb8
31.Ne2 Rb4 32.Rc3 Rhb7 33.b3 Qb8 34.Kf1 Kg7 35.Nc1 Kh6 36.Rc4 Rxc4 37.Qxc4 Rb4
38.Qc2 c4 39.Rc3 Qb6 40.Rxc4 Rxc4 41.bxc4 Qe3 42.c5 dxc5 43.d6 c4 44.d7 Qe1+
45.Kg2 f3+  0-1

[Event "Serbian-ch 29th"]
[Site "Sabac"]
[Date "1998.04.30"]
[Round "11"]
[White "Antic, Dejan"]
[Black "Arsovic, Goran"]
[Result "1-0"]
[WhiteElo "2460"]
[BlackElo "2475"]

1.d4 Nf6 2.c4 e6 3.Nf3 Bb4+ 4.Bd2 a5 5.g3 d5 6.Qc2 c5 7.a3 Bxd2+ 8.Qxd2 cxd4
9.cxd5 Qxd5 10.Qxd4 Nc6 11.Qxd5 Nxd5 12.Bg2 Ke7 13.Nc3 Nb6 14.Rc1 Bd7 15.Ne4 Rhc8
16.Nc5 Rc7 17.Nxd7 Nxd7 18.Nd4 Ra6 19.a4 Nde5 20.f4 Rd7 21.Nb3 Rb6 22.Nc5 Ng4
23.Nxd7 Kxd7 24.Bf3 Nf6 25.Kf2  1-0

[Event "FRA-chT"]
[Site "FRA"]
[Date "1998.05.11"]
[Round "11"]
[White "Kleinplatz, Sam"]
[Black "Pira, Davoud"]
[Result "0-1"]
[WhiteElo "2335"]
[BlackElo "2340"]

1.d4 Nf6 2.c4 e6 3.Nf3 Bb4+ 4.Bd2 Qe7 5.g3 Nc6 6.Bg2 Bxd2+ 7.Nbxd2 d6 8.O-O a5
9.Rc1 O-O 10.Nb1 e5 11.Nc3 Bg4 12.d5 Bxf3 13.exf3 Nb4 14.Re1 Nd7 15.a3 Na6
16.Rb1 Nb6 17.Bf1 Nc5 18.b4 axb4 19.axb4 Nca4 20.Nb5 Rfd8 21.Qc2 c6 22.dxc6 bxc6
23.Nd4 Qc7 24.Nb3 c5 25.b5 d5 26.cxd5 c4 27.Rbc1 c3 28.Qe4 Rxd5 29.f4 Re8
30.Na5 Qc5 31.Nc6 Rd2 32.Qe3 Qxe3 33.Rxe3 e4 34.Nb4 f5 35.Rcxc3 Nxc3 36.Rxc3 Rb2
37.Nc2 Rc8 38.Rxc8+ Nxc8 39.Ne3 Nd6 40.h3 g6 41.g4 fxg4 42.hxg4 Kg7 43.g5 Nf5
44.Nxf5+ gxf5 45.Kg2 e3  0-1

[Event "Capablanca mem 33th Premier"]
[Site "Havana"]
[Date "1998.05.13"]
[Round "6"]
[White "Hernandez, Roman"]
[Black "Pecorelli Garcia, Humberto"]
[Result "1/2-1/2"]
[WhiteElo "2425"]
[BlackElo "2465"]

1.d4 Nf6 2.c4 e6 3.Nf3 Bb4+ 4.Bd2 Bxd2+ 5.Qxd2 b6 6.Nc3 Bb7 7.g3 d6 8.Bg2 Nbd7
9.O-O O-O 10.Rac1 Re8 11.Rfd1 Ne4 12.Nxe4 Bxe4  1/2-1/2

[Event "Capablanca mem 33th Elite"]
[Site "Havana"]
[Date "1998.05.17"]
[Round "8"]
[White "Nogueiras, Jesus"]
[Black "Arencibia, Walter"]
[Result "1/2-1/2"]
[WhiteElo "2520"]
[BlackElo "2535"]

1.d4 Nf6 2.Nf3 e6 3.c4 Bb4+ 4.Bd2 Qe7 5.g3 Nc6 6.Bg2 Bxd2+ 7.Nbxd2 d6 8.O-O a5
9.e4 e5 10.d5 Nb8 11.Ne1 Na6  1/2-1/2

[Event "Sarajevo Bosnia"]
[Site "Sarajevo"]
[Date "1998.05.29"]
[Round "1"]
[White "Dizdarevic, Emir"]
[Black "Kurajica, Bojan"]
[Result "1/2-1/2"]
[WhiteElo "2540"]
[BlackElo "2580"]

1.d4 Nf6 2.c4 e6 3.Nf3 Bb4+ 4.Bd2 Qe7 5.g3 O-O 6.Bg2 Bxd2+ 7.Qxd2 d6 8.Nc3 Re8
9.O-O e5 10.e4 Bg4 11.Ne1 Nc6 12.Nc2 Nxd4 13.Nxd4 exd4 14.Qxd4 Qe5 15.Qd2 c6
16.b3 Rad8  1/2-1/2

[Event "Budapest FS06 GM"]
[Site "Budapest"]
[Date "1998.06.07"]
[Round "2"]
[White "Paschall, William M"]
[Black "Varga, Zoltan"]
[Result "1/2-1/2"]
[WhiteElo "2375"]
[BlackElo "2520"]

1.d4 Nf6 2.c4 e6 3.Nf3 Bb4+ 4.Bd2 Qe7 5.g3 O-O 6.Bg2 Bxd2+ 7.Nbxd2 d6 8.O-O e5
9.d5 Bg4 10.e4 a5 11.h3 Bxf3 12.Qxf3 Nbd7 13.Qe2 Nc5 14.Rab1 b6 15.b3 h6
16.a3 Ra7 17.b4 Ncd7 18.Rb2 Rfa8 19.Rfb1 axb4 20.axb4 Ra1 21.Nb3 Rxb1+ 22.Rxb1 Qe8
23.Qb2  1/2-1/2

[Event "Garcia mem Premier"]
[Site "Santa Clara"]
[Date "1998.06.08"]
[Round "13"]
[White "Arencibia, Walter"]
[Black "Rivera, Alberto"]
[Result "1-0"]
[WhiteElo "2535"]
[BlackElo "2415"]

1.d4 Nf6 2.c4 e6 3.Nf3 Bb4+ 4.Bd2 c5 5.Bxb4 cxb4 6.g3 O-O 7.Bg2 d6 8.O-O Re8
9.a3 bxa3 10.Nxa3 Nc6 11.Nb5 a6 12.c5 d5 13.Ne5 Rb8 14.Nd6 Re7 15.Qd2 Bd7
16.Qf4 Qc7 17.Rfc1 Rf8 18.Ra3 Ne8 19.Rb3 Bc8 20.Nxc6 bxc6 21.Ra1 f6 22.Nxc8 Qxc8
23.Rb8 Qd7 24.Rxa6 e5 25.dxe5 fxe5 26.Qe3 Nf6 27.Rxf8+ Kxf8 28.Qb3 e4 29.e3 d4
30.exd4 Qxd4 31.Ra8+ Ne8 32.Qe3 Qxb2 33.Bxe4 Kf7 34.Qf4+ Nf6 35.Bxh7 g6 36.Bg8+ Kg7
37.Ba2 Qb5 38.Kg2 Qxc5 39.Qh4 Qh5 40.Qxh5 gxh5 41.Bc4 Re4 42.Ra7+ Kh6 43.Bd3 Rd4
44.Rf7 Nd5 45.Bf5 h4 46.Kf3 c5 47.gxh4 Rxh4 48.Kg3 Kg5 49.Be6 Nf6 50.Rxf6 Kxf6
51.Kxh4 Kxe6 52.Kg4 Kd5 53.h4 Ke4 54.h5 c4 55.h6 c3 56.h7 c2 57.h8=Q c1=Q
58.Qh7+ Kd5 59.Qd7+ Ke4 60.Qf5+  1-0

[Event "CZE-ch"]
[Site "Zlin"]
[Date "1998.06.15"]
[Round "3"]
[White "Cvek, Robert"]
[Black "Voloshin, Leonid"]
[Result "1/2-1/2"]
[WhiteElo "2405"]
[BlackElo "2420"]

1.d4 Nf6 2.c4 e6 3.Nf3 Bb4+ 4.Bd2 Qe7 5.g3 Nc6 6.Bg2 Bxd2+ 7.Nbxd2 d6 8.O-O O-O
9.e4 e5 10.d5 Nb8 11.Ne1 a5 12.Nd3 Na6 13.b3 Nd7 14.a3 Ndc5 15.Nxc5 Nxc5
16.b4 axb4 17.axb4 Rxa1 18.Qxa1 Na6 19.Qc3 c5 20.dxc6 bxc6 21.b5 Nc5 22.Nb3 Nxb3
23.Qxb3 Be6 24.Qd3 Qc7 25.Rd1 Rd8 26.Bf1 cxb5 27.cxb5 Qc5 28.Qd2 h6 29.Qb2 Rb8
30.Rc1 Qb6 31.Qd2 Bd7 32.Qb4 Kf8 33.Ra1 Ke7 34.Ra5 Qc5 35.Qa4 Rb7 36.h4 Kf6
37.Ra6 Bxb5 38.Bxb5 Rxb5 39.Rxd6+ Qxd6 40.Qxb5  1/2-1/2

[Event "Agency"]
[Site "London"]
[Date "1998.06.18"]
[Round "4"]
[White "Bates, Richard"]
[Black "Burnett, Ronald"]
[Result "1-0"]
[WhiteElo "2430"]
[BlackElo "2400"]

1.d4 Nf6 2.Nf3 e6 3.c4 Bb4+ 4.Bd2 Qe7 5.g3 Nc6 6.Bg2 Bxd2+ 7.Nbxd2 d6 8.O-O O-O
9.e4 e5 10.d5 Nb8 11.Ne1 a5 12.Nd3 Na6 13.a3 Nc5 14.Nxc5 dxc5 15.f4 Ne8 16.Qh5 Nf6
17.Qf3 Bd7 18.Qc3 a4 19.Rae1 Rae8 20.h3 Nh5 21.fxe5 Qxe5 22.Qxe5 Rxe5 23.g4 Nf6
24.Nf3 Rfe8 25.g5 Nh5 26.Nxe5 Rxe5 27.h4 Ng3 28.Rf2 Bc8 29.Kh2 Nh5 30.Bh3 Bxh3
31.Kxh3 f6 32.Rf5 Kf7 33.Rxe5 Nf4+ 34.Kg3 fxe5 35.Rf1 g6 36.Rxf4+ exf4+ 37.Kxf4 Ke8
38.e5 Kd7 39.Ke3  1-0

[Event "Copenhagen op"]
[Site "Copenhagen"]
[Date "1998.06.25"]
[Round "5"]
[White "Maki Uuro, Miikka"]
[Black "Schneider, Stefan"]
[Result "1/2-1/2"]
[WhiteElo "2315"]
[BlackElo "2305"]

1.d4 Nf6 2.c4 e6 3.Nf3 Bb4+ 4.Bd2 Qe7 5.g3 Nc6 6.Bg2 O-O 7.Nc3 Bxc3 8.Bxc3 Ne4
9.Rc1 d6 10.O-O e5 11.d5 Nxc3 12.Rxc3 Nb8 13.b4  1/2-1/2

[Event "Politiken Cup"]
[Site "Copenhagen"]
[Date "1998.07.13"]
[Round "9"]
[White "Nordahl, Helge"]
[Black "Hellstrom, Ake"]
[Result "1/2-1/2"]
[WhiteElo "2245"]
[BlackElo "2095"]

1.d4 Nf6 2.c4 e6 3.Nf3 Bb4+ 4.Bd2 a5 5.g3 O-O 6.Bg2 d6 7.O-O Bxd2 8.Qxd2 Qe7
9.Nc3 c6 10.e4 e5 11.Rad1 Re8 12.Kh1 Nbd7 13.Nh4 g6 14.f4 exf4 15.Qxf4 Nh5
16.Qf2 a4 17.Rde1 Nb6 18.b3 axb3 19.axb3 Ra3 20.e5 Rxb3 21.exd6 Qf8 22.Ne4 Nxc4
23.Qc2 Na5 24.Bf3 Rxe4 25.Qxe4 Be6 26.Qe5 Nc4 27.Qe2 Qxd6 28.Bxh5 gxh5 29.Qxh5 Bd5+
30.Ng2 Rb2 31.Re2 Rxe2 32.Qxe2 Qe6 33.Qxe6 fxe6 34.Re1 Nd2 35.Re3 Nb3 36.Kg1 Nxd4
37.Nf4 Kf7 38.Nxd5 exd5 39.Kf2 Kf6 40.g4 Ne6 41.Rf3+ Kg6 42.Re3 Kf6 43.Rf3+ Kg6
44.Re3  1/2-1/2

[Event "Politiken Cup"]
[Site "Copenhagen"]
[Date "1998.07.14"]
[Round "10"]
[White "Hjelm, Niclas"]
[Black "Weclawski, Doris"]
[Result "1/2-1/2"]
[WhiteElo "2315"]
[BlackElo "2050"]

1.d4 Nf6 2.c4 e6 3.Nf3 Bb4+ 4.Bd2 Qe7 5.g3 O-O 6.Bg2 Ne4 7.O-O Bxd2 8.Nbxd2 Nxd2
9.Qxd2 d6 10.e4 e5 11.h3 c5 12.d5 f5 13.exf5 Bxf5 14.Ng5 Na6 15.a3 Rab8 16.Rae1 Qd7
17.g4 Bg6 18.Ne6 Rfe8 19.f4 exf4 20.Qxf4 Nc7 21.h4 b5 22.b3 bxc4 23.bxc4 Bf7
24.Ng5 Rxe1 25.Rxe1 Bg6 26.Ne6 Bf7 27.Qg5 Ne8 28.h5 h6 29.Qf5 Bxe6 30.dxe6 Qe7
31.Rb1 Rxb1+ 32.Qxb1 Qf6 33.Qd3 Qa1+ 34.Kh2 Qe5+ 35.Kg1 Nc7 36.Bd5 Qe1+ 37.Kg2 Nxe6
38.Qf5 Qe2+ 39.Kg3 Qe3+ 40.Kg2 Qe2+ 41.Kg3 Qe3+ 42.Kh2 Qe2+ 43.Kg1  1/2-1/2

[Event "San Francisco Mechanics"]
[Site "San Francisco"]
[Date "1998.07.17"]
[Round "8"]
[White "Lobo, Richard"]
[Black "Kobese, Watu"]
[Result "1/2-1/2"]
[WhiteElo "2310"]
[BlackElo "2330"]

1.d4 Nf6 2.c4 e6 3.Nf3 Bb4+ 4.Bd2 Qe7 5.Nc3 O-O 6.Qc2 d6 7.a3 Bxc3 8.Bxc3 Nbd7
9.e3 b6 10.Be2 Bb7 11.b4 Ne4 12.Bb2 f5 13.O-O Rac8 14.Rad1 c5 15.dxc5 bxc5
16.b5 e5 17.Nd2 Ng5 18.Nf3 Nxf3+ 19.Bxf3 Bxf3 20.gxf3 Nb6 21.Kh1 Rf6 22.Rg1 Qf7
23.Rc1 Qh5 24.Qd1 Rh6 25.Rg2 Re8 26.a4 Qf7 27.Qc2 Rh4 28.f4 g6 29.a5 Nd7
30.Qd3 exf4 31.exf4 Rxf4 32.Qxd6 Rfe4 33.f3 R4e6 34.Qd2 Re3 35.f4 Qe6 36.Rd1 Qxc4
37.Be5 Qe4 38.Qxd7 Re1+ 39.Rxe1 Qxe1+  1/2-1/2

[Event "Eikrem mem"]
[Site "Gausdal"]
[Date "1998.08.01"]
[Round "1"]
[White "Lehtivaara, Petri"]
[Black "Neubauer, S."]
[Result "1-0"]
[WhiteElo "2365"]
[BlackElo "2015"]

1.d4 Nf6 2.c4 e6 3.Nf3 Bb4+ 4.Bd2 Qe7 5.g3 O-O 6.Nc3 Bxc3 7.Bxc3 Ne4 8.Rc1 d6
9.Bg2 Nxc3 10.Rxc3 e5 11.O-O Nc6 12.d5 Nb8 13.e4 Bg4 14.h3 Bxf3 15.Qxf3 Nd7
16.Qe2 f5 17.exf5 Rxf5 18.h4 Rff8 19.Bh3 b6 20.f4 Rae8 21.Re3 a5 22.Be6+ Kh8
23.Bxd7 Qxd7 24.fxe5 Rxf1+ 25.Qxf1 dxe5 26.Rxe5 h6 27.Qf4 Rxe5 28.Qxe5 Qg4
29.Qxc7 Qd4+ 30.Kg2 Qe4+ 31.Kf2 Qd4+ 32.Kf3 Qd3+ 33.Kf4 Qd4+ 34.Kf5 Qf6+
35.Ke4 Qg6+ 36.Ke3 Qe8+ 37.Kd4 Qe2 38.Qc8+ Kh7 39.Qf5+ Kh8 40.d6 Qd1+ 41.Qd3 Qg1+
42.Kd5 Qg2+ 43.Ke6 Qxb2 44.Kd7  1-0

[Event "Eikrem mem"]
[Site "Gausdal"]
[Date "1998.08.03"]
[Round "3"]
[White "Agdestein, Simen"]
[Black "Mossakowski, Florian"]
[Result "1/2-1/2"]
[WhiteElo "2545"]
[BlackElo "2215"]

1.d4 Nf6 2.c4 e6 3.Nf3 Bb4+ 4.Bd2 c5 5.Bxb4 cxb4 6.g3 O-O 7.Bg2 d6 8.O-O Nc6
9.a3 bxa3 10.Rxa3 e5 11.h3 Bf5 12.Nc3 Re8 13.e3 h6 14.b3 Bh7 15.Qa1 a6 16.Rd1 Qe7
17.Qb2 Nb4 18.Ne1 Rac8 19.Ra4 Nc6 20.d5 Nb8 21.Bf1 Nbd7 22.Ra2 Ne4 23.Nxe4 Bxe4
24.Raa1 h5 25.Qe2 h4 26.g4 Bh7 27.Bg2 e4 28.Nc2 Qg5 29.Nd4 Re7 30.Kh1 Nc5
31.Rg1 Rf8 32.Bf1 Nd3 33.Qd2 Ne5 34.Be2 Rfe8 35.Raf1 Bg6 36.Qb4 Rd7 37.Bd1 Qh6
38.Qd2 Qh7 39.Kh2 Rc7 40.Qe2 Rec8 41.Qd2 Re8 42.Qe2 Rc5 43.Qa2 Qh6 44.Be2 Qg5
45.Qd2 Rec8 46.Rc1 Qf6 47.Kg2 Qe7 48.Ra1 Kh7 49.Rgf1 R5c7 50.Kg1 Re8 51.Rac1 Kg8
52.Rc3 Rec8 53.Rfc1 Qg5 54.Qe1 Nd7 55.f4 exf3 56.Nxf3 Qe7 57.Qxh4 Nf6 58.Rd1 b5
59.b4 bxc4 60.Rd4 Bd3 61.Bxd3 Qxe3+ 62.Qf2 Qxf2+ 63.Kxf2 cxd3 64.Rxc7 Rxc7
65.Ke3 Rc3 66.Nd2 g5 67.Nc4 d2+ 68.Kxd2 Rxh3 69.Nxd6 Kf8 70.Nb7 Ke8 71.d6 Rf3
72.Nc5 Rf4 73.Rxf4 gxf4 74.g5 Nd5 75.Ke2 Nxb4 76.Kf3 Nd5 77.Ke4 Nb6 78.Nxa6  1/2-1/2

[Event "Eikrem mem"]
[Site "Gausdal"]
[Date "1998.08.04"]
[Round "4"]
[White "Moen, Andreas"]
[Black "Lehtivaara, Petri"]
[Result "1/2-1/2"]
[WhiteElo "2210"]
[BlackElo "2365"]

1.d4 Nf6 2.c4 e6 3.Nf3 Bb4+ 4.Bd2 a5 5.a3 Bxd2+ 6.Qxd2 b6 7.Nc3 Bb7 8.Qf4 O-O
9.e3 d6 10.Bd3 Nbd7 11.O-O-O Re8 12.Qh4 e5 13.dxe5 Nxe5 14.Nxe5 Rxe5 15.Rhg1 Ne4
16.Qxd8+ Rxd8 17.Bxe4 Bxe4 18.Nxe4 Rxe4 19.Rd4 Rxd4 20.exd4 d5 21.c5 bxc5
22.dxc5 Rb8 23.Rd1 c6 24.Rd4 Rb5 25.b4 axb4 26.axb4 Kf8 27.Kc2 Rb8 28.Kb3 Ke7
29.Rd1 Ra8 30.Rc1  1/2-1/2

[Event "Eikrem mem"]
[Site "Gausdal"]
[Date "1998.08.05"]
[Round "5"]
[White "Lehtivaara, Petri"]
[Black "Karason, Askell O"]
[Result "1/2-1/2"]
[WhiteElo "2365"]
[BlackElo "2270"]

1.d4 Nf6 2.c4 e6 3.Nf3 Bb4+ 4.Bd2 Qe7 5.g3 Nc6 6.Nc3 Bxc3 7.Bxc3 Ne4 8.Rc1 O-O
9.Bg2 d6 10.O-O Nxc3 11.Rxc3 a5 12.c5 Rd8 13.Qc1 Qf6 14.cxd6 cxd6 15.Qd2 d5
16.Rfc1 a4 17.e3 Bd7 18.Ne1 Qe7 19.Nd3 Nb4 20.Nxb4 Qxb4 21.Bf1 g6 22.a3 Qa5
23.R1c2 Kg7 24.Qc1 Bc6 25.Rc5 Qb6 26.Qd2 Rd6 27.h4 h5 28.Be2 Rh8 29.Qb4 Qxb4
30.axb4 Ra8 31.b5 Be8 32.Rc8 Rxc8 33.Rxc8 Kf8 34.Kf1 Rb6 35.Ke1 Ke7 36.Rc5 Rd6
37.Kd2 b6 38.Rc7+ Rd7 39.Rxd7+ Kxd7 40.Kc3 Kd6 41.f3 f6 42.Bd3 g5 43.Bc2 g4
44.fxg4 hxg4 45.Bxa4 f5  1/2-1/2

[Event "MK Cafe Cup-A"]
[Site "Koszalin"]
[Date "1998.08.05"]
[Round "3"]
[White "Pyda, Zbigniew"]
[Black "Szymanski, Marcin"]
[Result "1/2-1/2"]
[WhiteElo "2405"]
[BlackElo "2295"]

1.d4 e6 2.c4 Nf6 3.Nf3 Bb4+ 4.Bd2 a5 5.g3 O-O 6.Bg2 Ne4 7.O-O d5 8.Be3 a4
9.Qc2 Nc6 10.Nc3 Bxc3 11.bxc3 Na5 12.cxd5 exd5 13.Nd2 Nxd2 14.Bxd2 Nc4 15.e4 dxe4
16.Bxe4 f5 17.Bd3 Be6 18.Rfe1 Qd5 19.Bf4 c6 20.Re2 b5 21.Rae1 Rae8 22.Bc1 Qd7
23.g4 Qf7 24.f3 Bd7 25.Rxe8 Rxe8 26.Rxe8+ Qxe8 27.Qe2 Qxe2 28.Bxe2 fxg4 29.fxg4 Be6  1/2-1/2